000 00537nam a2200181Ia 4500
001 8808
005 20260306160637.0
008 260306t2012||||xx |||||||||||||| ||spa||
041 _aESP
082 _a378.17
_bB45
100 _aBermúdez García, Alejandro Josué
_eAUT
245 0 _aCómo implementar el ABP, la experiencia de la Escuela de Medicina de UPC:
_bla experiencia de la Escuela de Medicina de la UPC
260 _c2012
300 _a102 páginas :
_c22 cm.
650 _aGEN
654 _aCED
942 _cLIB
_dJUS
_fJUS
_2ddc
_n
999 _c8808
_d8808